Fischregion - Statistiken

Allgemein
  • Dieses Quiz wurde 17 mal gespielt
  • Das Durchschnittsergebnis liegt bei 4 aus 5
Antwortstatistiken
Mittlerer Abfluss Gefälle ‰ Fischregion % Korrekt
<1m³ 100-6 Forellenregion
92%
1m³-10m³ 6-1,25 Äschenregion
83%
10m³-60m³ 1,25-0,25 Barbenregion
83%
xm³ (spielt keine Rolle) 0 Kaulbarsch-Flunder-region
83%
>60m³ 0,25-0 Brachsenregion
75%
Keine übereinstimmenden Quizze gefunden
Verteilung der Resultate
Anzahl Personen mit jedem Resultat
Perzentil nach korrekt beantworteten Fragen
Ihre Resultats-Entwicklung
Sie haben dieses Quiz noch nicht gespielt